Statistiques concernant Frontières turques

Cliquez ici pour prendre le quiz!

Statistiques générales

  • Ce quiz a été pris 15 039 fois
  • Le résultat moyen est 7 sur 8

Réponses sur la Carte

Les réponses sont colorées sur une échelle allant du rouge au vert en fonction du pourcentage des utilisateurs qui les ont devinées à leur premier essai. Vous pouvez retrouver ces pourcentages ci-dessous.
 

Statistiques - réponses

LongueurPays% Correct
499 kmIran
95%
311 kmIrak
94%
822 kmSyrie
93%
206 kmGrèce
92%
268 kmArménie
90%
252 kmGéorgie
89%
9 kmAzerbaïdjan
83%
240 kmBulgarie
80%

Distribution des résultats

Percentile par nombre de réponses

% des personnes avec chaque résultat

Votre développement - résultats

Vous n’avez pas pris ce quiz